Les doigts de la main - Statistiques

Statistiques générales
  • Ce quiz a été pris 220 fois
  • Le résultat moyen est 5 sur 5
Statistiques - réponses
Réponse % Correct
Pouce
97%
Index
96%
Majeur
96%
Annulaire
84%
Auriculaire
80%
Aucun quiz correspondant
Distribution des résultats
% des personnes avec chaque résultat
Percentile par nombre de réponses
Votre historique - résultats
Vous n’avez pas pris ce quiz